00946ntm a22002417a 450000500170000000800410001704000280005808200170008610000420010324500720014526000090021730000280022650001770025459000140043165000400044565300230048565500240050870000220053277700240055494200080057899900170058695201010060320170827123124.0170802s2012 xx a frb 000 0 eng d aEG-ScBUEbengcEG-ScBUE04a624bISM2221 aIsmail, Sheref Essam El Said Mohamed.10aAdvaced construction method /bSheref Essam El Said Mohamed Ismail. c2012 a90 p. :bill. ;c28 cm. aA dissertation submitted to the faculty of engineering, The British University in Egypt, in partial fulfillment of the requirements of bachelor degree in civil engineering. amai allam 72BUEshaCivil Engineering.vProjects bENGCIVcAugust2017 vProjects - Students1 aHelmy, Amr,eths. AProjects - Students 2ddc c25409d25381 00102ddc4070aMAINbMAINc2NDd2017-08-17l0o624 ISMp000046611r2025-07-15 00:00:00yPROJST